Animals on Banknotes Quiz Stats

 Plays Quiz Updated Feb 15, 2018

Challenge
Share
Tweet
Score 0/22 Timer 04:00
3 Plays Today
% Correct
Mountain Gorilla
99.3%
Flamingo
98.8%
Horse
97.3%
Brown Bear
96%
Crab
95.2%
Mouse
94.7%
Leopard
93.8%
Giraffe
93.4%
Snake
93.2%
Armadillo
91.1%
Moose
90.5%
% Correct
Humpback whale
90.4%
Peacock
90.1%
Toucan
88.4%
Greenwing Macaw
87.4%
Orangutan
86.4%
Seagull
85.5%
Goose
85.3%
Griffon Vulture
84.7%
Hummingbird
84.1%
Blue Duck
78.9%
New Zealand Falcon
64%

You're not logged in!

Compare scores with friends on all Sporcle quizzes.
Join for Free
OR
Log In

You Might Also Like...

Show Comments

Extras

Top Quizzes Today


Score Distribution

Your Account Isn't Verified!

In order to create a playlist on Sporcle, you need to verify the email address you used during registration. Go to your Sporcle Settings to finish the process.

Report this User

Report this user for behavior that violates our Community Guidelines.

Details: